| 000 | 00000nas 2200000zi 4500 |
| 001 | 9.931353 |
| 003 | CaOODSP |
| 005 | 20240111144654 |
| 006 | m o d f |
| 007 | cr cn |||||||| |
| 008 | 231211d20112013quctr p o f0### 0eng|d |
| 040 | |aCaOODSP|beng|erda|cCaOODSP |
| 043 | |an-cn--- |
| 086 | 1 |aNM22-1E-PDF |
| 110 | 2 |aCanadian Museum of Civilization.|eauthor, |eissuing body. |
| 245 | 10|aFinancial statements of Canadian Museum of Civilization for the period ended ..., unaudited. |
| 264 | 1|a[Gatineau, Québec] : |bCanadian Museum of Civilization, |c[2011-2013] |
| 310 | |aThree times a year |
| 336 | |atext|btxt|2rdacontent |
| 337 | |acomputer|bc|2rdamedia |
| 338 | |aonline resource|bcr|2rdacarrier |
| 362 | 1 |aBegan with: June 30, 2011; ceased with: September 30, 2013. |
| 500 | |aIssued also in French under title: États financiers Musée canadien des civilisations pour le trimestre terminé le ..., non audité. |
| 588 | |aDescription based on: June 30, 2011; title from PDF cover page. |
| 588 | |aLatest issue consulted: September 30, 2013. |
| 610 | 20|aCanadian Museum of Civilization|xFinance|vPeriodicals. |
| 650 | 0|aFinancial statements, Unaudited|zCanada|vPeriodicals. |
| 650 | 0|aFinance, Public|zCanada|vPeriodicals. |
| 655 | 7|aPeriodicals|2lcgft |
| 775 | 08|tÉtats financiers Musée canadien des civilisations pour le trimestre terminé le ..., non audité.|w(CaOODSP)9.931352 |
| 785 | 00|tFinancial statements of Canadian Museum of History for the period ended ..., unaudited.|w(CaOODSP)9.932282 |